| 000 | 00536nam a2200217Ia 4500 | ||
|---|---|---|---|
| 003 | OSt | ||
| 005 | 20220928141727.0 | ||
| 006 | a|||||r|||| 00| 0 | ||
| 007 | ta | ||
| 008 | 220927b |||||||| |||| 00| 0 eng d | ||
| 024 | _a17209 | ||
| 037 | _cTextual | ||
| 040 |
_aSDCL _cSDCL _beng |
||
| 041 |
_2eng _aeng |
||
| 082 | _aD6512, M8 | ||
| 100 |
_ashoji Masakazu _9501883 |
||
| 245 | 0 | _aCMOS digital circuit technology. | |
| 260 | _c1988 | ||
| 942 |
_hD6512, M8 _cTEXL _2CC |
||
| 999 |
_c819531 _d819531 |
||